Statistiques concernant Recette géographique #2 - le cassoulet

Cliquez ici pour prendre le quiz!

Statistiques générales

  • Ce quiz a été pris 73 fois
  • Le résultat moyen est 4 sur 6

Réponses sur la Carte

Les réponses sont colorées sur une échelle allant du rouge au vert en fonction du pourcentage des utilisateurs qui les ont devinées à leur premier essai. Vous pouvez retrouver ces pourcentages ci-dessous.
 

Statistiques - réponses

IngrédientsPays% Correct
CanardFrance
93%
SaucisseAllemagne
76%
PorcChine
54%
Os de poulets (volaille)Etats-Unis
48%
CarottesChine
45%
Haricots secsInde
40%

Distribution des résultats

Percentile par nombre de réponses

% des personnes avec chaque résultat

Votre développement - résultats

Vous n’avez pas pris ce quiz